000 00992cam a22003257a 4500
003 CHAP
005 20220329134251.0
008 971013s1969 r 00010 d
010 _a17873
011 _a18845
035 _a22930
040 _cCHAP
082 _a781.22
_bJ6Y
100 0 0 _aJosephs, Jess J.
_962197
245 1 3 _aLa física del sonido musical
260 _aMéxico, D.F., :
_bReverté,
_c1969
300 _a179 p.
_b; gráfs
490 0 _aVan Nostrand momentum books
_v; 13
590 _aBATCH-UPD
_b10
_c20130110
_lUCH01
_h0935
590 _aBATCH-UPD
_b10
_c20130410
_lUCH01
_h0553
590 _aBATCH-UPD
_b10
_c20130914
_lUCH01
_h1832
590 _aCONVERSION
_b10
_c20130109
_lUCH01
_h1311
650 1 4 _aMúsica.
_979140
650 1 4 _aMúsica
_xAcustica.
_979141
650 1 4 _aSonido.
_9108566
830 0 _aVan Nostrand momentum books
_v; 13
_9117789
901 _aBK
942 _cLIBRO
949 _a781.22 J6Y
_bBC
_cLIBRO
_d33724000268587
_eLIBRO
_fc.2
_h35954
_i22930
_mD
_si
999 _c17873
_d17873